000 00716nam a2200181Ia 4500
008 100920s9999 xx 000 0 und d
082 _b56450
_a37 थ 87
100 _aगोखले श्री. पु .
245 _aपॅटर्न मेकिंग आणि मोल्डिंग.
260 _bआशिष एजन्सीज , पुणे.
_c1987
300 _a146
_b---
365 _b25
520 _aुउदयोजक विभाग.
630 _aपॅटर्न मेकिंग आणि मोल्डिंग.
650 _aुउदयोजक विभाग.
730 _aपॅटर्न मेकिंग आणि मोल्डिंग.
942 _cBOOK
999 _c700530
_d700527